Elektrochemické stanovenie amoxicilínu s využitím elektród na báze uhlíka
Na minha lista:
| Autor principal: | |
|---|---|
| Outros Autores: | |
| Formato: | Manuscrito Livro |
| Idioma: | eslovaco |
| Publicado em: |
2025
|
| Assuntos: | |
| Acesso em linha: | http://is.stuba.sk/zp/portal_zp.pl?podrobnosti=183345 |
| Tags: |
Sem tags, seja o primeiro a adicionar uma tag!
|
MARC
| LEADER | 00000ntm a22000003a 4500 | ||
|---|---|---|---|
| 001 | stuzp105258 | ||
| 003 | SK-STU | ||
| 005 | 20250607211401.6 | ||
| 007 | ta | ||
| 008 | 150427s2015----xo-----f-mn---000-0-slo-d | ||
| 040 | |a STU |b slo | ||
| 041 | 0 | |a slo | |
| 100 | 1 | |a Holka, Tomáš |u 041000 |4 aut |U FCHPT Fakulta chemickej a potravinárskej technológie |T FCHPT Ústav analytickej chémie |X 110525 |U C1000 |Y 99 |7 110525 | |
| 242 | 0 | 1 | |a Electrochemical determination of amoxicillin using carbon-based electrodes |y eng |
| 245 | 1 | 0 | |a Elektrochemické stanovenie amoxicilínu s využitím elektród na báze uhlíka |
| 260 | |c 2025 | ||
| 650 | 4 | |a Amoxicillin |2 eng | |
| 650 | 4 | |a square-wave voltammetry |2 eng | |
| 650 | 4 | |a activated glassy carbon electrode |2 eng | |
| 650 | 4 | |a glassy carbon electrode |2 eng | |
| 650 | 4 | |a aktivovaná elektróda zo sklovitého uhlíka |2 slo | |
| 650 | 4 | |a štvorcovo-vlnová voltampérometria |2 slo | |
| 650 | 4 | |a elektróda zo sklovitého uhlíka |2 slo | |
| 650 | 4 | |a Amoxicilín |2 slo | |
| 700 | 1 | |a Sarakhman, Olha |4 ths |X 95339 |7 95339 | |
| 856 | 4 | |u http://is.stuba.sk/zp/portal_zp.pl?podrobnosti=183345 | |